| 000 | 00353cam a22001217a 4500 | ||
|---|---|---|---|
| 008 | 180718b1971 xxu||||| |||| 00| 0 eng d | ||
| 082 | _aX2x42 un3 | ||
| 245 |
_aReducing noise in buildings _cBy Department of the environment advisory leaflets |
||
| 260 |
_aLondon _bHMSO _c1971 |
||
| 300 | _a4p. | ||
| 650 | _aNoise control | ||
| 650 | _aTransportation noise | ||
| 999 |
_c413088 _d413088 |
||